| 000 | 00446nam a2200133Ia 4500 | ||
|---|---|---|---|
| 008 | 160809s9999 xx 000 0 und d | ||
| 100 | _aGülcü, Saban. | ||
| 245 | _aEffects of The Different Migration Periods on Parallel Multi-Swarm PSO | ||
| 245 | _cSaban Gülcü and Halife Kodaz. | ||
| 260 | _bComputer Science and Information Technology | ||
| 260 | _cMayo-16 | ||
| 650 | _xINFORMATION TECHNOLOGY | ||
| 856 | _uhttp://airccse.org/V6N53.html | ||
| 999 |
_c300103 _d300103 |
||